000 00721nam a2200265Ia 4500
001 Para_4982
003 CHAP
008 220125s1911 xx 000 0 und d
010 _a203441
040 _cCHAP
090 _aPA FOLLETO 2343
100 _aGahan, A. B.
_944169
245 _aAphidiinae of North America /
_c A. B. Gahan
260 _aCollege Park :
_b Maryland Agricultural College
300 _ap. 147-200
440 _aMaryland Agr. Exp. Sta. Bull; 152
_9169222
650 _aAfĂ­didos
_x EUA.
_9169223
901 _aPA FOLLETO 2343
902 _aA
905 _a0000001911 ck 0000000000 00
910 _a1911
942 _cPARA
942 _cPARA
_d1
999 _c203441
_d203441